|
|
|
|
| LEADER |
00751cam a2200205 a 4500 |
| 001 |
0000080961 |
| 005 |
20110718090000.0 |
| 040 |
|
|
|a mod
|
| 041 |
|
|
|a eng
|
| 020 |
0 |
0 |
|a 9839099760
|
| 090 |
0 |
0 |
|a 305.6971
|b MUS
|e 2002
|
| 245 |
0 |
0 |
|a Muslims' rights in non-muslim majority countries
|c edited by Abdul Monir Yaacob, Zainal Azam Abdul Rahman
|
| 260 |
0 |
0 |
|a Kuala Lumpur
|b Institute of Islamic Understanding Malaysia,
|c 2002
|
| 300 |
0 |
0 |
|a 154 p.
|b ill.
|c 22 cm
|
| 650 |
0 |
0 |
|a Muslims
|y Non-Muslim countries
|
| 650 |
0 |
0 |
|a Religious minorities
|
| 700 |
1 |
1 |
|a Abdul Monir Yaacob
|f Dato'
|y 1946-
|
| 700 |
1 |
1 |
|a Zainal Azam Abd. Rahman
|y 1961-
|
| 999 |
|
|
|a 0244983
|b ATU
|d BOOKS
|e Umum
|f ATU
|j AVAILABLE
|q GOOD CONDITION
|
| 999 |
|
|
|a 0263561
|b 9 BGD
|d BOOKS
|e Umum
|f 9 BGD
|j AVAILABLE
|q GOOD CONDITION
|